Discipline des médaillé(e)s d'argent olympiques français vivants HIVER - Statistiques

Statistiques générales
  • Ce quiz a été pris 5 fois
  • Le résultat moyen est 35 sur 41
Statistiques - réponses
Nom Médaillé en Né en Discipline % Correct
Guy {Périllat} 1968 1940 Ski
100%
Isabelle {Mir} 1968 1949 Ski
100%
Perrine {Pelen} 1984 1960 Ski
100%
Laure {Péquegnot} 2002 1975 Ski
100%
Léo {Lacroix} 1964 1937 Ski
100%
Sébastien {Amiez} 2002 1972 Ski
100%
Carole {Merle} 1992 1964 Ski
100%
Franck Piccard} 1992 1964 Ski
100%
Alexis {Pinturault} 2018 1991 Ski
100%
Christine {Goitschel} 1964 1944 Ski
100%
Steve {Missillier} 2014 1984 Ski
100%
Danielle {Debernard} 1972 1954 Ski
100%
Annie {Famose} 1968 1944 Ski
100%
Johan {Clarey} 2022 1981 Ski
100%
Joël {Chenal} 2006 1976 Ski
100%
Déborah {Anthonioz} 2010 1978 Snowboard
100%
Chloé {Trespeuch} 2022 1994 Snowboard
100%
Julia {Pereira de Sousa Mabileau} 2018 2001 Snowboard
100%
Doriane {Vidal} 2002 1976 Snowboard
100%
Raphaël {Poirée} 1992 1974 Biathlon
80%
Anne {Briand} 1994 1968 Biathlon
80%
Sylvie {Becaert} 2010 1975 Biathlon
80%
Anaïs {Chevalier-Bouchet} 2022 1993 Biathlon
80%
Simon {Desthieux} 2022 1991 Biathlon
80%
Sandrine {Bailly} 2010 1979 Biathlon
80%
Fabien {Claude} 2022 1994 Biathlon
80%
Marie-Laure {Brunet} 2010 1988 Biathlon
80%
Émilien {Jacquelin} 2022 1995 Biathlon
80%
Quentin {Fillon Maillet} 2022 1992 Biathlon
80%
Marie {Dorin} 2010 1986 Biathlon
80%
Martin {Fourcade} 2010 & 2014 1988 Biathlon
80%
Gabriella {Papadakis} 2018 1995 Patinage artistique
80%
Alain {Calmat} 1964 1940 Patinage artistique
80%
Guillaume {Cizeron} 2018 1994 Patinage artistique
80%
Roddy {Darragon} 2006 1983 Ski de fond
80%
Sylvain {Guillaume} 1992 1968 Combiné nordique
60%
Sébastien {Foucras} 1998 1971 Ski acrobatique
60%
Arnaud {Bovolenta} 2014 1988 Ski acrobatique
60%
Olivier {Allamand} 1992 1969 Ski acrobatique
60%
Marie {Martinod} 2014 & 2018 1984 Ski acrobatique
60%
Tess {Ledeux} 2022 2001 Ski acrobatique
60%
Aucun quiz correspondant
Distribution des résultats
% des personnes avec chaque résultat
Percentile par nombre de réponses
Votre historique - résultats
Vous n’avez pas pris ce quiz